书目信息 |
| 书名: | Who needs God | |
| 作者: | Harold Kushner. | |
| 分册号: | ||
| 分册名: | 出版地: | New York : |
|
| 出版社: | Summit Books | |
| 出版时间: | c1989. | |
| 页数: | 208 p. ; | |
| 开本: | 22 c m. | |
| 丛书名: | ||
| 中图分类号: | ||
| 科图分类号: | ||
| 其他分类号: | B985 | |
| 主题词: | ||
| 电子资源: | ||
| 000 | 00715pam a2200277 a 4500 | |
| 001 | E0731871192 | |
| 003 | CAL | |
| 005 | 20070710085154.73 | |
| 008 | 890605s1989 nyu 00010 eng | |
| 010 | @a 89035140 | |
| 020 | @a0671680269. | |
| 040 | @aDLC@cDLC@dDLC | |
| 050 | 00 | @aBM610@b.K89 1989 |
| 082 | 00 | @a296.7@220 |
| 090 | @aB985 | |
| 093 | @aB985 | |
| 099 | @dB985@ex49 | |
| 100 | 1 | @aKushner, Harold S. |
| 245 | 10 | @aWho needs God / @cHarold Kushner. |
| 260 | @aNew York :@bSummit Books,@cc1989. | |
| 300 | @a208 p. ;@c22 c m. | |
| 650 | 0 | @aGod@xWorship and love. |
| 650 | 0 | @aJewish way of life. |
| 650 | 0 | @aGod (Judaism)@xWorship and love. |
| 920 | @a211010@bB985@cK968 @z1 | |
| 998 | @aPUL | |
| Who needs God / / Harold Kushner.-New York : : Summit Books, , c1989. |
| 208 p. ; ; 22 c m. |
| ISBN 0671680269. |
| ● |
| 相关链接 |
|
|
|
|
正题名:Who needs God
索取号:B985/x49
 
预约/预借
| 序号 | 登录号 | 条形码 | 馆藏地/架位号 | 状态 | 备注 |
| 1 | 0011629 | 300116292 | 第二样本阅览室/ [索取号:B985/x49] | 在馆 |